Introduction to the theory of groups of finite order /

Na minha lista:
Detalhes bibliográficos
Autor principal: Carmichael, Robert D (Author)
Formato: Livro
Idioma:inglês
Publicado em: Boston : Ginn and Company, 1937
Edição:1.vyd.
Tags: Adicionar Tag
Sem tags, seja o primeiro a adicionar uma tag!

MARC

LEADER 00000nam a22000003a 4500
001 stu4641
005 20150617225810.8
008 931012s1937----xxu-----------------eng-d
040 |a STU  |b slo 
041 0 |a eng 
044 |a xxu 
080 |a 512.54/.56 
100 1 |a Carmichael, Robert D  |4 aut 
245 1 |a Introduction to the theory of groups of finite order /  |c [aut.] Carmichael,Robert D 
250 |a 1.vyd. 
260 |a Boston :  |b Ginn and Company,  |c 1937 
300 |a 447 s 
996 |b 284EK85532  |c E*85532  |l EE22  |s P  |a 0  |w stu4641_0001 
996 |b E78319  |c E*78319  |l EE03  |s P  |a 0  |w stu4641_0002